Česká republika v mezinárodní ekonomice čtvrtletní přehled

Guardado en:
Detalles Bibliográficos
Formato: Seriadas
Lenguaje:checo
Publicado: Praha Centrum vnějších ekonomických vztahů
Materias:
Etiquetas: Agregar Etiqueta
Sin Etiquetas, Sea el primero en etiquetar este registro!

MARC

LEADER 00000nas1a22000001 4500
001 s120113
005 20230404111827.8
022 |a 1210-6593 
041 0 |a cze 
044 |a CZ 
245 1 0 |a Česká republika v mezinárodní ekonomice  |b čtvrtletní přehled 
264 1 |a Praha  |b Centrum vnějších ekonomických vztahů 
610 2 0 |a hospodárstvo svetové 
610 2 0 |a obchod zahraničný 
610 2 0 |a údaje štatistické